<?xml version="1.0" encoding="UTF-8"?>
<record
    xmlns:xsi="http://www.w3.org/2001/XMLSchema-instance"
    xsi:schemaLocation="http://www.loc.gov/MARC21/slim http://www.loc.gov/standards/marcxml/schema/MARC21slim.xsd"
    xmlns="http://www.loc.gov/MARC21/slim">

  <leader>01183    a2200241   4500</leader>
  <controlfield tag="003">NALT</controlfield>
  <controlfield tag="005">20220623104710.0</controlfield>
  <controlfield tag="008">220620b        th ||||| |||| 00| 0 tha d</controlfield>
  <datafield tag="020" ind1=" " ind2=" ">
    <subfield code="a">9789740216445</subfield>
  </datafield>
  <datafield tag="040" ind1=" " ind2=" ">
    <subfield code="a">NALT</subfield>
  </datafield>
  <datafield tag="050" ind1=" " ind2=" ">
    <subfield code="a">BQ 6160.T52</subfield>
    <subfield code="b">&#xE13;336&#xE04; 2562</subfield>
  </datafield>
  <datafield tag="100" ind1="0" ind2=" ">
    <subfield code="a">&#xE13;&#xE31;&#xE10;&#xE1E;&#xE07;&#xE28;&#xE4C; &#xE14;&#xE27;&#xE07;&#xE41;&#xE01;&#xE49;&#xE27;</subfield>
    <subfield code="9">58385</subfield>
  </datafield>
  <datafield tag="245" ind1="1" ind2="0">
    <subfield code="a">&#xE04;&#xE23;&#xE39;&#xE1A;&#xE32;&#xE04;&#xE15;&#xE34;&#xE43;&#xE2B;&#xE21;&#xE48;  :</subfield>
    <subfield code="b"> &#xE41;&#xE15;&#xE48;&#xE07;&#xE2D;&#xE07;&#xE04;&#xE4C;&#xE17;&#xE23;&#xE07;&#xE40;&#xE04;&#xE23;&#xE37;&#xE48;&#xE2D;&#xE07; &#xE1E;&#xE38;&#xE17;&#xE18;&#xE28;&#xE23;&#xE31;&#xE17;&#xE18;&#xE32;&#xE2B;&#xE25;&#xE31;&#xE07;&#xE01;&#xE36;&#xE48;&#xE07;&#xE1E;&#xE38;&#xE17;&#xE18;&#xE01;&#xE32;&#xE25; /</subfield>
    <subfield code="c">&#xE13;&#xE31;&#xE10;&#xE1E;&#xE07;&#xE28;&#xE4C; &#xE14;&#xE27;&#xE07;&#xE41;&#xE01;&#xE49;&#xE27;.</subfield>
  </datafield>
  <datafield tag="250" ind1=" " ind2=" ">
    <subfield code="a">&#xE1E;&#xE34;&#xE21;&#xE1E;&#xE4C;&#xE04;&#xE23;&#xE31;&#xE49;&#xE07;&#xE41;&#xE23;&#xE01;.</subfield>
  </datafield>
  <datafield tag="260" ind1=" " ind2=" ">
    <subfield code="a">&#xE01;&#xE23;&#xE38;&#xE07;&#xE40;&#xE17;&#xE1E;&#xE2F; :</subfield>
    <subfield code="b">&#xE21;&#xE15;&#xE34;&#xE0A;&#xE19;,</subfield>
    <subfield code="c">2562.</subfield>
  </datafield>
  <datafield tag="300" ind1=" " ind2=" ">
    <subfield code="a">240 &#xE2B;&#xE19;&#xE49;&#xE32; :</subfield>
    <subfield code="b">&#xE20;&#xE32;&#xE1E;&#xE1B;&#xE23;&#xE30;&#xE01;&#xE2D;&#xE1A; ;</subfield>
    <subfield code="c">21 &#xE0B;&#xE21;.</subfield>
  </datafield>
  <datafield tag="600" ind1="0" ind2="4">
    <subfield code="9">51374</subfield>
    <subfield code="a">&#xE04;&#xE23;&#xE39;&#xE1A;&#xE32;&#xE28;&#xE23;&#xE35;&#xE27;&#xE34;&#xE0A;&#xE31;&#xE22;, </subfield>
    <subfield code="x">&#xE0A;&#xE35;&#xE27;&#xE1B;&#xE23;&#xE30;&#xE27;&#xE31;&#xE15;&#xE34;</subfield>
  </datafield>
  <datafield tag="650" ind1=" " ind2="4">
    <subfield code="9">58386</subfield>
    <subfield code="a">&#xE2A;&#xE07;&#xE06;&#xE4C;</subfield>
    <subfield code="z">&#xE44;&#xE17;&#xE22; (&#xE20;&#xE32;&#xE04;&#xE40;&#xE2B;&#xE19;&#xE37;&#xE2D;)</subfield>
  </datafield>
  <datafield tag="650" ind1=" " ind2="4">
    <subfield code="9">58389</subfield>
    <subfield code="a">&#xE1E;&#xE38;&#xE17;&#xE18;&#xE28;&#xE32;&#xE2A;&#xE19;&#xE32;</subfield>
    <subfield code="x">&#xE41;&#xE07;&#xE48;&#xE2A;&#xE31;&#xE07;&#xE04;&#xE21;</subfield>
    <subfield code="z">&#xE44;&#xE17;&#xE22; (&#xE20;&#xE32;&#xE04;&#xE40;&#xE2B;&#xE19;&#xE37;&#xE2D;)</subfield>
  </datafield>
  <datafield tag="850" ind1=" " ind2=" ">
    <subfield code="a">NALT</subfield>
  </datafield>
  <datafield tag="942" ind1=" " ind2=" ">
    <subfield code="2">lcc</subfield>
    <subfield code="c">GB</subfield>
  </datafield>
  <datafield tag="998" ind1=" " ind2=" ">
    <subfield code="c">103</subfield>
    <subfield code="b">phon</subfield>
    <subfield code="j">104</subfield>
    <subfield code="k"> &#xE19;&#xE32;&#xE07;&#xE2A;&#xE32;&#xE27;&#xE2A;&#xE32;&#xE22;&#xE1D;&#xE19;  &#xE14;&#xE35;&#xE07;&#xE32;&#xE21;</subfield>
  </datafield>
  <datafield tag="999" ind1=" " ind2=" ">
    <subfield code="c">100252</subfield>
    <subfield code="d">100252</subfield>
  </datafield>
  <datafield tag="952" ind1=" " ind2=" ">
    <subfield code="0">0</subfield>
    <subfield code="1">0</subfield>
    <subfield code="2">lcc</subfield>
    <subfield code="4">0</subfield>
    <subfield code="7">0</subfield>
    <subfield code="8">CGBL</subfield>
    <subfield code="a">NALT</subfield>
    <subfield code="b">NALT</subfield>
    <subfield code="c">GEN</subfield>
    <subfield code="d">2022-06-02</subfield>
    <subfield code="e">20</subfield>
    <subfield code="o">BQ 6160.T52 &#xE13;336&#xE04; 2562</subfield>
    <subfield code="p">3961212886</subfield>
    <subfield code="r">2022-07-01 00:00:00</subfield>
    <subfield code="t">&#xE09;.2</subfield>
    <subfield code="w">2022-06-02</subfield>
    <subfield code="y">GB</subfield>
  </datafield>
  <datafield tag="952" ind1=" " ind2=" ">
    <subfield code="0">0</subfield>
    <subfield code="1">0</subfield>
    <subfield code="2">lcc</subfield>
    <subfield code="4">0</subfield>
    <subfield code="7">0</subfield>
    <subfield code="8">CGBL</subfield>
    <subfield code="a">NALT</subfield>
    <subfield code="b">NALT</subfield>
    <subfield code="c">GEN</subfield>
    <subfield code="d">2022-06-02</subfield>
    <subfield code="e">20</subfield>
    <subfield code="o">BQ 6160.T52 &#xE13;336&#xE04; 2562</subfield>
    <subfield code="p">3961212753</subfield>
    <subfield code="r">2022-07-01 00:00:00</subfield>
    <subfield code="t">&#xE09;.1</subfield>
    <subfield code="w">2022-06-02</subfield>
    <subfield code="y">GB</subfield>
  </datafield>
</record>
